| Tag |
First Indicator |
Second Indicator |
Subfields |
| LEADER |
00000cam a2200000 4500 |
| 001 |
in00000042727 |
| 005 |
20151007074840.0 |
| 008 |
800612s1907 fr af b 00010 free |
| 010 |
|
|
|a 08021273
|
| 035 |
|
|
|a (OCoLC)06414322
|
| 035 |
|
|
|9 AAF2207AM
|
| 040 |
|
|
|a DLC
|c TXA
|d TXA
|d UtOrBLW
|
| 049 |
|
|
|a TXAM
|c [138798]
|
| 050 |
|
0 |
|a QL458.A2
|b B7
|
| 092 |
|
|
|a 595.42
|b B717r
|
| 100 |
1 |
|
|a Bonnet, Amedee,
|d 1879-
|
| 245 |
1 |
0 |
|a Recherches sur l'anatomie comparee et le developpement des ixodides /
|c par Amedee Bonnet ... Avec 104 figures dans le texte et 6 planches hors texte.
|
| 264 |
|
1 |
|a Lyon :
|b A. Rey; [etc., etc.],
|c 1907.
|
| 300 |
|
|
|a 2 pages ., 180 pages :
|b illustrations, 6 plates (2 color) ;
|c 26 cm.
|
| 336 |
|
|
|a text
|b txt
|2 rdacontent
|
| 337 |
|
|
|a unmediated
|b n
|2 rdamedia
|
| 338 |
|
|
|a volume
|b nc
|2 rdacarrier
|
| 490 |
1 |
|
|a Annales de l'Universite de Lyon ;
|v Nouv. ser. I. Sciences, medecine, fasc. 20
|
| 500 |
|
|
|a Exemplaire number 171.
|
| 504 |
|
|
|a "Index bibliographique": pages [161]-171.
|
| 650 |
|
0 |
|a Ticks.
|
| 830 |
|
0 |
|a Annales de l'Université de Lyon.
|n Nouv. sér. 1,
|p Sciences, médecine ;
|v fasc. 20.
|
| 999 |
|
|
|a MARS
|
| 999 |
f |
f |
|s a9f33cef-989b-341d-be3d-317071bfa42f
|i a14001bb-24ca-3d5c-8e7d-ed71110a5400
|t 0
|
| 952 |
f |
f |
|p ric
|a Texas A&M University
|b Rellis Campus
|c Joint Library Facility
|d Remote Storage
|t 0
|e QL458.A2 B7
|h Library of Congress classification
|i unmediated -- volume
|m A14801011742
|
| 998 |
f |
f |
|a QL458.A2 B7
|t 0
|l Remote Storage
|